Регионална библиотека "Любен Каравелов" - Русе

Френско-български речник (Запис номер 381083)

MARC детайли
000 -Лидер
Контролно поле с фиксирана дължина 01169nam a2200301 c 4500
003 - Код на организацията, давaща контролен номер
Контролно поле BLK
005 - Дата и час на последна редакция
Контролно поле 20200811085343.0
008 - Елементи от данни с фиксирана дължина
fixed length control field 180411b bul|||||r ||||||| ||bul||
040 ## - Източник на каталожния запис
Идентификатор на билиотеката - собственик на записа BLK
041 ## - Код за език
Код за езика на текст/звукозапис или на отделно заглавие Български
Код за езика КДБФ Български
080 ## - УДК
Текстов определител УДК Френски език
УДК код - определител по УДК 811.133.1
УДК определител (038)
УДК - код + определител 811.133.1(038)
080 ## - УДК
Текстов определител УДК Български език
УДК код - определител по УДК 811.163.2
УДК определител (038)
УДК - код + определител 811.163.2(038)
100 1# - Редна дума - Автор
Автор Карастоянова, Люба Спирова
Авторска отговорност първи автор
R(LIN) 279383
139 ## - Редно поле
Редна дума Карастоянова, Люба Спирова и др.
Авторски знак Карас - К 36
245 10 - Сведения за заглавието
Заглавие Френско-български речник
Редно поле (дума) Люба Спирова Карастоянова, Никола Ненов Шивачев.
246 11 - Различни форми на заглавието
Паралелно заглавие Dictionnaire francais - bulgare
257 ## - Страна на издаване
Страна на създаване/издаване България
260 ## - Област на издателските данни
Място на издаване, разпространение и проч. София
Име на издателя, разпространителя и проч. Наука и изкуство
Година на издаване 1968
300 ## - Физическа характеристика
Страници 552 с.
Размери/Мащаб 15 см
380 ## - Жанр
Жанр Езикознание. Филология
650 ## - Допълнително описание по предмет – тема
Основно описание – тема или топоним Български език - речници, френско-български
9 (RLIN) 425968
700 1# - Други автори (авторска отговорност)
Лично име Шивачев, Никола Ненов
Автороска отговорност (Описва отношението между автора и произведението) съавт.
9 (RLIN) 376065
852 ## - Местоположение
Форматна сигнатура Цб І 9959
Фондова буква Хранилище
856 4# - Електронен адрес и достъп
Електронен формат pdf - файл
856 4# - Електронен адрес и достъп
Електронен формат pdf - файл
999 ## - СИСТЕМНИ КОНТРОЛНИ НОМЕРА
Koha biblionumber 381083
Koha biblioitemnumber 381083
942 ## - АРТИКУЛИ
Вид на библиотечния материал Книги
Скрит в OPAC Не
Периодичен библиозапис Да
944 ## - СЪЗДАВАНЕ И РЕДАКЦИЯ на ЗАПИСА
Създаване/Редакция Създаване
Дата на регистрацията/редакция 2020-08-11
Служител, извършил регистрацията/редакцията Нора_Радева
Наличности
Код за отписване Код за изгубен артикул Източник на класификационната схема Код за повреда Коз за рестрикции Код за отдаване Артикулен № Име на библиотеката - собственик Име на библиотеката, в която се намира в момента Статус (Текущо местоположение) Дата на вписване в системата Местоположение - отдел Цена в лева Инвентарен номер Систематично азбучна сигнатура Баркод Цена в евро Служебен тип на артикула
  Не е изгубен Universal Decimal Classification Не е повреден само за читалня ползва се в читалня 790984 Регионална библиотека "Любен Каравелов" Русе Регионална библиотека "Любен Каравелов" Русе Хранилище 2020-08-14 Хранилище 1.68 9510/68 Цб I 9959 900000029764 0.86 Книги
Vip Innovations Ltd, Rousse, Bulgaria 2025